The Mitchell Beazley pocket guide to indoor plants
| Main Author: | |
|---|---|
| Format: | Book |
| Language: | English |
| Published: |
London :
Mitchell Beazley ,
c1979
|
| Subjects: |
MARC
| LEADER | 00000cam a2200000 7i4500 | ||
|---|---|---|---|
| 001 | 0000004088 | ||
| 005 | 20230626.0 | ||
| 008 | 991208 enk eng | ||
| 020 | |a 0855331976 (hbk) | ||
| 040 | |a INS | ||
| 090 | 0 | 0 | |a SB419 |b .S3826 1979 |
| 100 | 1 | |a Seddon, George | |
| 245 | 1 | 4 | |a The Mitchell Beazley pocket guide to indoor plants |c George Seddon |
| 260 | |a London : |b Mitchell Beazley , |c c1979 | ||
| 300 | |a 144 p. : |b ill. (some col.) ; |c 20 cm. | ||
| 650 | 0 | |a House plants |x Encyclopedias | |
| 999 | |a 0000002643 |b BOOK |c Open Shelf |e Default branch | ||